Animals by Feet Close-Up Quiz Stats

Quiz Updated Nov 14, 2017

Challenge
Share
Tweet
Score 0/20 Timer 06:00
4 Plays Today
% Correct
Elephant
98.3%
Horse
97%
Cat
95.4%
Wolf
92.3%
Zebra
92.1%
Sloth
84.5%
Alligator
84.4%
Lion
84%
Hippopotamus
79.2%
Camel
76.8%
% Correct
Brown Bear
75.8%
Komodo Dragon
74.3%
Cheetah
73%
White Rhinoceros
71%
Flamingo
66.5%
Galapagos Tortoise
63.1%
Cow
57.7%
Pig
52%
Kangaroo
46.1%
Giraffe
35.3%

You're not logged in!

Compare scores with friends on all Sporcle quizzes.
Sign Up with Email
OR
Log In

You Might Also Like...

Show Comments

Extras

Top Quizzes Today


Score Distribution

Your Account Isn't Verified!

In order to create a playlist on Sporcle, you need to verify the email address you used during registration. Go to your Sporcle Settings to finish the process.